| 000 | 00762cam a2200241 a 4500 | ||
|---|---|---|---|
| 001 | 000010031 | ||
| 005 | 20200929161817.0 | ||
| 008 | 880404s1987 ho 000 0 spa | ||
| 040 |
_aDO-SdBNP _cDLC _dDLC |
||
| 082 |
_aH861.44 _bS715t |
||
| 100 | 1 |
_aSosa, Roberto, _d1930- _924988 |
|
| 245 | 1 | 0 |
_a13 poemas / _cRoberto Sosa ; traducciones Joerg Witte, Beat Paul Sterchi. |
| 250 | _aEd. bilingüe, español-alemán. | ||
| 260 |
_a[Tegucigalpa?] : _bHormiga Roja, _c1987. |
||
| 300 |
_a35 p. ; _c22 cm. |
||
| 650 | 4 |
_aPoesía hondureña _916914 |
|
| 650 | 4 |
_aLiteratura hondureña _9836 |
|
| 700 | 1 |
_aWitte, Joerg _etr. _924989 |
|
| 700 | 1 |
_aSterchi, Beat Paul _etr. _924990 |
|
| 740 | 0 | _aTrece poemas. | |
| 910 | _aCatalogación por copia / LC | ||
| 049 | _aBNGR | ||
| 999 |
_c9790 _d9790 |
||